000 00754nam a2200217 i 4500
001 42905
003 ES-MaACL
005 20250817063115.0
007 t|
008 030314s1963 sp ||||1| spa d
100 1 _aCelis, Jacqueline B. de.
_937362
245 1 4 _aLos grupos de presión en las democracias contemporáneas... /
_cJacqueline B. de Celis ; prólogo de Manuel Jiménez de Parga.
260 _aMadrid :
_bTecnos,
_c[1963]
300 _a220 p. ;
_c24 cm.
490 1 _aColección de ciencias sociales (Tecnos)
_v28
_9182672
700 1 _aJiménez de Parga, Manuel.
_966509
830 0 0 _aColección de ciencias sociales (Tecnos)
_v28
_9182672
852 _aES-MaACL
_jC-27330
_bR.56344
942 _2udc
999 _c42905
_d42905